[Event "XLII Torneo di Capodanno"]
[Site "Reggio nell'Emilia ITA"]
[Date "1999.12.27"]
[Round "1"]
[White "Khenkin, Igor"]
[Black "Vezzosi, Paolo"]
[Result "1-0"]
[WhiteElo "2633"]
[BlackElo "2329"]
[PlyCount "79"]
[EventDate "1999.12.27"]

1. d4 Nf6 2. c4 e6 3. Nf3 b6 4. a3 Bb7 5. Nc3 d5 6. Bg5 Be7 7. e3 Nbd7 8. cxd5
Nxd5 9. Nxd5 exd5 10. Bxe7 Qxe7 11. Qa4 c6 12. Ba6 Bxa6 13. Qxa6 O-O 14. O-O
Rfd8 15. Rfd1 c5 16. dxc5 Nxc5 17. Qb5 a6 18. Qb4 Qf6 19. Rac1 Rac8 20. Qd4 Qd6
21. Qg4 Ne6 22. h4 Rc5 23. b4 Rc7 24. Rxc7 Qxc7 25. Qf5 g6 26. Qf6 Rd6 27. Qe5
Qc2 28. Rf1 Qc7 29. h5 Rd7 30. Qb2 gxh5 31. Rd1 Qd6 32. Qf6 Nc7 33. Qf5 Qe6 34.
Qxh5 f6 35. Nd4 Qe4 36. Nf5 Qe8 37. Qg4+ Kh8 38. Rc1 Ne6 39. Rc6 Rc7 40. Rxc7
1-0

[Event "XLII Torneo di Capodanno"]
[Site "Reggio nell'Emilia ITA"]
[Date "1999.12.27"]
[Round "1"]
[White "Manca, Federico"]
[Black "Efimov, Igor"]
[Result "1/2-1/2"]
[WhiteElo "2373"]
[BlackElo "2445"]
[PlyCount "116"]
[EventDate "1999.12.27"]

1. e4 e6 2. d4 d5 3. Nc3 Bb4 4. e5 c5 5. a3 Bxc3+ 6. bxc3 Ne7 7. Nf3 Qa5 8. Qd2
b6 9. h4 Ba6 10. h5 Bxf1 11. Kxf1 h6 12. Rh4 Nbc6 13. a4 cxd4 14. cxd4 Rc8 15.
Rf4 Qa6+ 16. Kg1 Qc4 17. Ba3 Qxa4 18. Qd1 Qc4 19. Nd2 Qc3 20. Bxe7 Kxe7 21. Qc1
Na5 22. Nb3 f6 23. Qa3+ Kf7 24. Nxa5 Qxa3 25. Rxa3 bxa5 26. Rxa5 Rc7 27. Ra3
Rb8 28. Raf3 Rb1+ 29. Kh2 f5 30. g4 Rxc2 31. gxf5 Rcc1 32. fxe6+ Kxe6 33. Rg3
Rh1+ 34. Kg2 Rbg1+ 35. Kf3 Rxg3+ 36. Kxg3 Rxh5 37. Rf8 Rf5 38. Re8+ Kd7 39. Ra8
Kc6 40. Rxa7 Kb5 41. Rxg7 Kc4 42. Rg4 Rf8 43. Rf4 Re8 44. Kg4 Kd3 45. Kh5 Re6
46. Rg4 Ra6 47. Rg1 Ke4 48. Rg6 Ra1 49. Kxh6 Kxd4 50. e6 Rf1 51. e7 Re1 52. Rg7
Kc5 53. Kg5 Kd6 54. Kf6 Re6+ 55. Kf5 Re5+ 56. Kf6 Re6+ 57. Kf5 Re5+ 58. Kf6
Re6+ 1/2-1/2

[Event "XLII Torneo di Capodanno"]
[Site "Reggio nell'Emilia ITA"]
[Date "1999.12.27"]
[Round "1"]
[White "Romanishin, Oleg M."]
[Black "Drei, Andrea"]
[Result "1/2-1/2"]
[WhiteElo "2567"]
[BlackElo "2349"]
[PlyCount "80"]
[EventDate "1999.12.27"]

1. Nf3 Nf6 2. c4 e6 3. g3 b6 4. Bg2 Bb7 5. d4 Be7 6. Nc3 Ne4 7. Bd2 f5 8. d5
Bf6 9. Qc2 Qe7 10. O-O Nd6 11. Rad1 Na6 12. Nb5 O-O 13. Nxd6 cxd6 14. Bc3 Bxc3
15. Qxc3 Rac8 16. Qa3 Rxc4 17. dxe6 dxe6 18. Qxd6 Qxd6 19. Rxd6 Nc5 20. Rfd1
Rc2 21. b4 Ne4 22. Rxe6 Rxe2 23. Re7 Nxf2 24. Rdd7 Rxe7 25. Rxe7 Bxf3 26. Bxf3
Ne4 27. Rxa7 Rc8 28. Bxe4 fxe4 29. Kf2 Rc2+ 30. Ke3 Rxh2 31. Kxe4 h5 32. b5 Rg2
33. Ra6 Rxg3 34. Rxb6 h4 35. Rc6 h3 36. Rc1 h2 37. Rh1 Rg2 38. a4 Rb2 39. b6
Rxb6 40. Rxh2 Rb4+ 1/2-1/2

[Event "XLII Torneo di Capodanno"]
[Site "Reggio nell'Emilia ITA"]
[Date "1999.12.27"]
[Round "1"]
[White "Solozhenkin, Evgeniy"]
[Black "Yudasin, Leonid G."]
[Result "1/2-1/2"]
[WhiteElo "2544"]
[BlackElo "2552"]
[PlyCount "79"]
[EventDate "1999.12.27"]

1. d4 Nf6 2. c4 e6 3. Nf3 b6 4. Nc3 Bb7 5. a3 d5 6. cxd5 exd5 7. g3 Be7 8. Qa4+
c6 9. Bg2 O-O 10. O-O Nbd7 11. Bf4 Nh5 12. Bd2 Re8 13. Rad1 Bd6 14. Rfe1 Ndf6
15. Bg5 Qc7 16. Nd2 h6 17. Bxf6 Nxf6 18. e4 dxe4 19. Ndxe4 Nxe4 20. Rxe4 Red8
21. Re3 Bf8 22. d5 Rac8 23. Red3 cxd5 24. Nxd5 Bxd5 25. Bxd5 a5 26. Kg2 Be7 27.
Rc3 Qa7 28. Rf3 Bf6 29. Qe4 Re8 30. Qg4 Qe7 31. Rdd3 Rcd8 32. Rde3 Qd6 33. Rd3
Qe7 34. Qh5 Rf8 35. b4 axb4 36. axb4 Rd6 37. Qf5 Rfd8 38. b5 Qd7 39. Qxd7 R8xd7
40. Bc4 1/2-1/2

[Event "XLII Torneo di Capodanno"]
[Site "Reggio nell'Emilia ITA"]
[Date "1999.12.28"]
[Round "2"]
[White "Aldrovandi, Costantino"]
[Black "Solozhenkin, Evgeniy"]
[Result "0-1"]
[WhiteElo "2350"]
[BlackElo "2544"]
[PlyCount "138"]
[EventDate "1999.12.27"]

1. e4 c6 2. d4 d5 3. Nc3 dxe4 4. Nxe4 Bf5 5. Ng3 Bg6 6. Bc4 e6 7. N1e2 Nf6 8.
O-O Bd6 9. f4 Bf5 10. Nxf5 exf5 11. Ng3 g6 12. Re1+ Kf8 13. Qf3 h5 14. b3 Nbd7
15. Bb2 Qc7 16. Re5 Ng4 17. Rae1 Ndxe5 18. fxe5 Bb4 19. c3 Be7 20. h3 Nh6 21.
Ne2 h4 22. Rf1 Rd8 23. b4 a5 24. a3 Bg5 25. Nf4 Kg7 26. Bc1 Qe7 27. d5 b5 28.
Ba2 cxd5 29. Re1 axb4 30. cxb4 d4 31. Nd5 Rxd5 32. Qxd5 Bxc1 33. Rxc1 Qg5 34.
Rd1 Rc8 35. Qxd4 Rc2 36. e6+ Kh7 37. Bd5 fxe6 38. Qa7+ Kh8 39. Bf3 Rc1 40. Qb8+
Kh7 41. Qb7+ Kh8 42. Qxb5 Qe3+ 43. Kf1 Nf7 44. Rxc1 Qxc1+ 45. Kf2 Qxa3 46. Qb8+
Kg7 47. b5 e5 48. b6 Qc5+ 49. Ke1 Qc3+ 50. Kf2 Qd4+ 51. Kf1 e4 52. Be2 e3 53.
Qa7 Qb2 54. Qa4 f4 55. Qa5 g5 56. g4 hxg3 57. Qb5 Qc1+ 58. Kg2 Qe1 59. Kf3 Qf2+
60. Kg4 g2 61. Qb2+ Kg8 62. Kf5 Qh4 63. Qa1 Qxh3+ 64. Ke4 Qh1 65. Qa8+ Kg7 66.
Kf5 Qb1+ 67. Ke6 Qxb6+ 68. Kd7 Qd6+ 69. Ke8 Qf8+ 0-1

[Event "XLII Torneo di Capodanno"]
[Site "Reggio nell'Emilia ITA"]
[Date "1999.12.28"]
[Round "2"]
[White "Drei, Andrea"]
[Black "Yudasin, Leonid G."]
[Result "0-1"]
[WhiteElo "2349"]
[BlackElo "2552"]
[PlyCount "86"]
[EventDate "1999.12.27"]

1. e4 c5 2. Nf3 d6 3. d4 cxd4 4. Nxd4 Nf6 5. Nc3 a6 6. f4 e6 7. Qf3 Qb6 8. Nb3
Qc7 9. g4 b5 10. Bd3 h6 11. f5 Bb7 12. fxe6 fxe6 13. a3 Nc6 14. Qh3 Qe7 15. g5
Nd7 16. Be3 O-O-O 17. O-O-O Kb8 18. Ne2 Nde5 19. Nbd4 Nxd4 20. Nxd4 Re8 21. Nf3
Nxd3+ 22. cxd3 e5 23. Kb1 Qe6 24. Qxe6 Rxe6 25. gxh6 gxh6 26. Nh4 d5 27. exd5
Bxd5 28. Rhg1 Bd6 29. Nf5 Bc7 30. Rg7 e4 31. Nd4 Rf6 32. Rd7 Rd6 33. Rxd6 Bxd6
34. dxe4 Bxe4+ 35. Ka1 Bxh2 36. Rd2 Bg3 37. Ne2 Bc7 38. Nc3 Bc6 39. Nd5 Bxd5
40. Rxd5 h5 41. Bd4 Rd8 42. Rxd8+ Bxd8 43. Ka2 h4 0-1

[Event "XLII Torneo di Capodanno"]
[Site "Reggio nell'Emilia ITA"]
[Date "1999.12.28"]
[Round "2"]
[White "Efimov, Igor"]
[Black "Khenkin, Igor"]
[Result "1-0"]
[WhiteElo "2445"]
[BlackElo "2633"]
[PlyCount "81"]
[EventDate "1999.12.27"]

1. e4 c6 2. d4 d5 3. Nc3 dxe4 4. Nxe4 Bf5 5. Ng3 Bg6 6. Bc4 e6 7. N1e2 Nf6 8.
O-O Bd6 9. f4 Bf5 10. Nxf5 exf5 11. Ng3 g6 12. Re1+ Kf8 13. Qf3 h5 14. b3 h4
15. Nh1 Nbd7 16. Nf2 Kg7 17. Bb2 Nb6 18. Bf1 Nbd5 19. g3 hxg3 20. hxg3 Nh5 21.
Nh3 Nxg3 22. Qxg3 Rh4 23. Bg2 Rg4 24. Qf2 Bxf4 25. c4 Bg3 26. Qf3 Bxe1 27. cxd5
Bh4 28. dxc6 bxc6 29. Nf2 Rg3 30. Qf4 Qf6 31. Rb1 g5 32. Qc7 Rxg2+ 33. Kxg2
Bxf2 34. Kxf2 Qh6 35. Rg1 Re8 36. Qg3 f6 37. d5 Qh5 38. Qxg5+ Qxg5 39. Rxg5+
Kf7 40. Rxf5 cxd5 41. Rxf6+ 1-0

[Event "XLII Torneo di Capodanno"]
[Site "Reggio nell'Emilia ITA"]
[Date "1999.12.28"]
[Round "2"]
[White "Romanishin, Oleg M."]
[Black "Manca, Federico"]
[Result "1-0"]
[WhiteElo "2567"]
[BlackElo "2373"]
[PlyCount "109"]
[EventDate "1999.12.27"]

1. Nf3 Nf6 2. g3 g6 3. Bg2 Bg7 4. d4 O-O 5. c4 c5 6. O-O cxd4 7. Nxd4 Nc6 8.
Nc3 Nxd4 9. Qxd4 d6 10. Qd3 Nd7 11. b3 Nc5 12. Qe3 Be6 13. Bd2 a5 14. Rac1 a4
15. b4 Nd7 16. Bxb7 Ne5 17. Bxa8 Nxc4 18. Qa7 Qxa8 19. Qxa8 Rxa8 20. Bf4 d5 21.
Rfd1 Nb2 22. Nxd5 Nxd1 23. Rxd1 Kf8 24. Nc7 Rc8 25. Nxe6+ fxe6 26. b5 Rc2 27.
b6 Rb2 28. Rd8+ Kf7 29. Ra8 Rxb6 30. Rxa4 Rb2 31. Kf1 Rb1+ 32. Kg2 Rb2 33. Kf3
e5 34. Be3 Ke6 35. g4 h5 36. h3 Kf7 37. Ra7 e4+ 38. Kxe4 Rxe2 39. g5 Re1 40.
Kf3 Rh1 41. Kg2 Rd1 42. Bc5 Re1 43. a4 Re5 44. Be3 Rd5 45. Rb7 Bd4 46. Rb5 Rd7
47. Bf4 Ra7 48. Rb4 e5 49. Be3 Rd7 50. Kf3 Bxe3 51. fxe3 Rd2 52. Ke4 Rh2 53. a5
Rxh3 54. Rb7+ Ke6 55. Rb6+ 1-0

[Event "XLII Torneo di Capodanno"]
[Site "Reggio nell'Emilia ITA"]
[Date "1999.12.28"]
[Round "2"]
[White "Vezzosi, Paolo"]
[Black "Genocchio, Daniele"]
[Result "1-0"]
[WhiteElo "2329"]
[BlackElo "2291"]
[PlyCount "67"]
[EventDate "1999.12.27"]

1. d4 Nf6 2. c4 c5 3. d5 g6 4. Nc3 Bg7 5. Nf3 O-O 6. e4 d6 7. Be2 e6 8. O-O
exd5 9. cxd5 Re8 10. Nd2 Na6 11. Rb1 Nc7 12. Re1 Rb8 13. a4 h5 14. h3 b6 15. b4
Nd7 16. Nb5 Nxb5 17. Bxb5 Bc3 18. bxc5 bxc5 19. Rb3 Bd4 20. Nf3 Bf6 21. Bf4 Qc7
22. Rbe3 Rd8 23. Bxd7 Bxd7 24. e5 dxe5 25. Nxe5 Rb4 26. Qf3 Qb6 27. Nc6 Bxc6
28. dxc6 Rxf4 29. Qxf4 Qxc6 30. Re6 fxe6 31. Qxf6 Re8 32. Qxg6+ Kf8 33. Qf6+
Kg8 34. Re5 1-0

[Event "XLII Torneo di Capodanno"]
[Site "Reggio nell'Emilia ITA"]
[Date "1999.12.29"]
[Round "3"]
[White "Genocchio, Daniele"]
[Black "Efimov, Igor"]
[Result "0-1"]
[WhiteElo "2291"]
[BlackElo "2445"]
[PlyCount "72"]
[EventDate "1999.12.27"]

1. e4 g6 2. d4 Bg7 3. Nc3 d6 4. Be3 c6 5. Qd2 Nd7 6. h4 h5 7. Nh3 Ngf6 8. f3 b5
9. Ng5 Bb7 10. Rd1 O-O 11. Bd3 e5 12. Ne2 d5 13. dxe5 Nxe5 14. Bc5 Re8 15. O-O
dxe4 16. fxe4 Nfd7 17. Bd4 f6 18. Nh3 Ng4 19. Nhf4 Qc7 20. b4 a6 21. c4 Nde5
22. cxb5 cxb5 23. Rc1 Qb8 24. Bxe5 Nxe5 25. Nd5 Bxd5 26. exd5 Qa7+ 27. Kh1 Rad8
28. Nf4 Qd4 29. Rcd1 Bh6 30. Qf2 Qxf2 31. Rxf2 Ng4 32. Rf3 Re3 33. Kg1 Rxf3 34.
gxf3 Ne3 35. Ne6 Rxd5 36. Nc7 Rd4 0-1

[Event "XLII Torneo di Capodanno"]
[Site "Reggio nell'Emilia ITA"]
[Date "1999.12.29"]
[Round "3"]
[White "Khenkin, Igor"]
[Black "Romanishin, Oleg M."]
[Result "1-0"]
[WhiteElo "2633"]
[BlackElo "2567"]
[PlyCount "77"]
[EventDate "1999.12.27"]

1. d4 Nf6 2. c4 e6 3. Nf3 b6 4. a3 Bb7 5. Nc3 Ne4 6. Nxe4 Bxe4 7. Bf4 d6 8. e3
Be7 9. Bd3 Bg6 10. h4 Nd7 11. g4 Qc8 12. h5 Bxd3 13. Qxd3 Qb7 14. Ke2 O-O-O 15.
Qc2 h6 16. Nd2 e5 17. dxe5 dxe5 18. Bg3 Nc5 19. Qf5+ Kb8 20. Bxe5 Rd7 21. Bxg7
Rhd8 22. Rhd1 Qc6 23. Bd4 Ne6 24. Bc3 Bg5 25. Qf3 Rxd2+ 26. Rxd2 Qxc4+ 27. Ke1
Rxd2 28. Bxd2 Nc5 29. Bc3 Bh4 30. Qe2 Qe4 31. Rd1 Nb3 32. Qb5 a6 33. Qe5 Qxg4
34. Qf4 Qxh5 35. Rd7 Qc5 36. Qxh4 Qf5 37. Rd8+ Ka7 38. Qg3 Qb1+ 39. Ke2 1-0

[Event "XLII Torneo di Capodanno"]
[Site "Reggio nell'Emilia ITA"]
[Date "1999.12.29"]
[Round "3"]
[White "Manca, Federico"]
[Black "Drei, Andrea"]
[Result "1/2-1/2"]
[WhiteElo "2373"]
[BlackElo "2349"]
[PlyCount "125"]
[EventDate "1999.12.27"]

1. e4 c5 2. c3 Nf6 3. e5 Nd5 4. Nf3 e6 5. Bc4 Nb6 6. Bb3 Nc6 7. O-O c4 8. Bc2
d6 9. exd6 Bxd6 10. d4 cxd3 11. Qxd3 Qc7 12. Rd1 Be7 13. Na3 a6 14. Nc4 Nb4 15.
cxb4 Qxc4 16. Ba4+ Kf8 17. Qxc4 Nxc4 18. Bb3 Nb6 19. Bf4 Nd5 20. Bxd5 exd5 21.
Rxd5 Be6 22. Rd4 Rc8 23. Bd6 Bxa2 24. Re1 Be6 25. Ng5 Rd8 26. Nxe6+ fxe6 27.
Rxe6 Rxd6 28. Rexd6 Bxd6 29. Rxd6 Ke7 30. Rb6 Rb8 31. h4 Kd7 32. h5 Kc7 33. Re6
Kd7 34. Re5 Rc8 35. Rg5 Rg8 36. b5 h6 37. Rf5 Ke6 38. g4 Rc8 39. bxa6 bxa6 40.
Ra5 Rc6 41. Kg2 Rb6 42. Kg3 Rxb2 43. Rxa6+ Kf7 44. Ra4 Rc2 45. f3 Rc3 46. Kf4
Rb3 47. Ke4 Rb1 48. f4 Rb5 49. Ra7+ Kf6 50. Rd7 Ra5 51. Rd6+ Kf7 52. Rd5 Ra4+
53. Ke5 Ra7 54. g5 hxg5 55. fxg5 Re7+ 56. Kf4 Re1 57. Rd7+ Kf8 58. Kf5 Kg8 59.
Rd8+ Kf7 60. g6+ Ke7 61. Rd4 Rf1+ 62. Rf4 Rxf4+ 63. Kxf4 1/2-1/2

[Event "XLII Torneo di Capodanno"]
[Site "Reggio nell'Emilia ITA"]
[Date "1999.12.29"]
[Round "3"]
[White "Solozhenkin, Evgeniy"]
[Black "Vezzosi, Paolo"]
[Result "0-1"]
[WhiteElo "2544"]
[BlackElo "2329"]
[PlyCount "66"]
[EventDate "1999.12.27"]

1. d4 Nf6 2. c4 e6 3. Nf3 b6 4. g3 Bb7 5. Bg2 Be7 6. O-O O-O 7. Nc3 Ne4 8. Bd2
f5 9. d5 Bf6 10. Rc1 Na6 11. Be1 Nd6 12. b3 Nc5 13. Nd4 a5 14. Ndb5 Nxb5 15.
Nxb5 e5 16. d6 c6 17. Nc7 Rb8 18. b4 axb4 19. Bxb4 e4 20. f3 exf3 21. exf3 f4
22. Re1 Na6 23. Ba3 c5 24. Nb5 Ra8 25. Qd2 Nb8 26. Rc2 Nc6 27. Bb2 Nb4 28. Bxf6
Qxf6 29. Rc3 fxg3 30. hxg3 Rxa2 31. Qf4 Qg6 32. Qh4 Nd3 33. Rf1 Nf4 0-1

[Event "XLII Torneo di Capodanno"]
[Site "Reggio nell'Emilia ITA"]
[Date "1999.12.29"]
[Round "3"]
[White "Yudasin, Leonid G."]
[Black "Aldrovandi, Costantino"]
[Result "1-0"]
[WhiteElo "2552"]
[BlackElo "2350"]
[PlyCount "115"]
[EventDate "1999.12.27"]

1. e4 c5 2. Nf3 d6 3. c3 Nf6 4. Be2 Nbd7 5. d3 b6 6. O-O Bb7 7. Re1 g6 8. Nbd2
Bg7 9. Bf1 O-O 10. d4 cxd4 11. cxd4 Qc7 12. b3 Rac8 13. Ba3 Qb8 14. Qe2 Nh5 15.
Qe3 Nhf6 16. h3 Rfd8 17. Bd3 Ne8 18. Rad1 Nc7 19. Bb1 Ne6 20. Nf1 Ba8 21. Qd2
Bb7 22. Ng3 Ba8 23. Bb2 Nef8 24. h4 h5 25. Bd3 Nh7 26. Qe2 e6 27. Ba3 Bb7 28.
Nf1 Ndf6 29. N3d2 Ng4 30. Bb2 Ngf6 31. Ne3 Qa8 32. f3 Bh6 33. a4 Bf4 34. Qf2
Qb8 35. Bf1 a6 36. g3 Bh6 37. d5 exd5 38. Nxd5 Bxd5 39. exd5 Rc2 40. Qd4 b5 41.
axb5 axb5 42. Ba1 Ra2 43. Ne4 Bg7 44. Nf2 Rc8 45. Nd3 Rxa1 46. Qxa1 Qb6+ 47.
Nf2 Ne4 48. Qa2 Nxg3 49. Bh3 Rc3 50. Kg2 Nf5 51. Bxf5 gxf5 52. Re8+ Nf8 53. Qb1
Qc5 54. b4 Qc4 55. Qxf5 Qxb4 56. Re7 f6 57. Qxh5 Qf4 58. Qf7+ 1-0

[Event "XLII Torneo di Capodanno"]
[Site "Reggio nell'Emilia ITA"]
[Date "1999.12.30"]
[Round "4"]
[White "Drei, Andrea"]
[Black "Aldrovandi, Costantino"]
[Result "1/2-1/2"]
[WhiteElo "2349"]
[BlackElo "2350"]
[PlyCount "62"]
[EventDate "1999.12.27"]

1. e4 c5 2. Nf3 d6 3. d4 cxd4 4. Nxd4 Nf6 5. Nc3 g6 6. Be3 Bg7 7. f3 O-O 8. Qd2
Nc6 9. O-O-O d5 10. exd5 Nxd5 11. Nxc6 bxc6 12. Bd4 e5 13. Bc5 Be6 14. Ne4 Rb8
15. Bc4 Rb7 16. Bb3 Rd7 17. Bxf8 Bxf8 18. c4 Nf4 19. Qxd7 Bxd7 20. Rxd7 Qa5 21.
c5 Nd5 22. Kb1 Qb5 23. Rd1 Qe2 24. Nc3 Nxc3+ 25. bxc3 Bxc5 26. Bxf7+ Kf8 27.
Bb3 Be3 28. Rxh7 Bd2 29. Rxa7 Qd3+ 30. Bc2 Qb5+ 31. Bb3 Qd3+ 1/2-1/2

[Event "XLII Torneo di Capodanno"]
[Site "Reggio nell'Emilia ITA"]
[Date "1999.12.30"]
[Round "4"]
[White "Efimov, Igor"]
[Black "Solozhenkin, Evgeniy"]
[Result "1/2-1/2"]
[WhiteElo "2445"]
[BlackElo "2544"]
[PlyCount "24"]
[EventDate "1999.12.27"]

1. e4 e5 2. Nf3 Nc6 3. Bb5 a6 4. Ba4 Nf6 5. O-O Be7 6. Re1 b5 7. Bb3 d6 8. c3
O-O 9. h3 Re8 10. d4 Bb7 11. Ng5 Rf8 12. Nf3 Re8 1/2-1/2

[Event "XLII Torneo di Capodanno"]
[Site "Reggio nell'Emilia ITA"]
[Date "1999.12.30"]
[Round "4"]
[White "Manca, Federico"]
[Black "Khenkin, Igor"]
[Result "1/2-1/2"]
[WhiteElo "2373"]
[BlackElo "2633"]
[PlyCount "108"]
[EventDate "1999.12.27"]

1. e4 e6 2. d4 d5 3. Nc3 Bb4 4. e5 c5 5. a3 Bxc3+ 6. bxc3 Ne7 7. Nf3 Qa5 8. Bd2
Nbc6 9. Be2 cxd4 10. cxd4 Qa4 11. O-O b6 12. c3 Qxd1 13. Rfxd1 Na5 14. a4 Bd7
15. Ba6 Nec6 16. Rdb1 O-O 17. Ne1 Nb8 18. Bd3 Bc8 19. f4 Ba6 20. Bc2 Nbc6 21.
Nf3 Ne7 22. Kf2 Rac8 23. Ng5 h6 24. Nf3 Rc7 25. g4 f5 26. exf6 Rxf6 27. Ne5
Nec6 28. Kg3 Nxd4 29. cxd4 Rxc2 30. Bxa5 bxa5 31. Rb8+ Rf8 32. Rxf8+ Kxf8 33.
Nd7+ Kf7 34. Nc5 Rc3+ 35. Kf2 Bd3 36. Re1 Be4 37. Nxe4 dxe4 38. Rxe4 Rc4 39.
Re5 Rxa4 40. Kg3 Ra3+ 41. Kg2 a6 42. d5 exd5 43. Rxd5 Ke6 44. Re5+ Kd6 45. g5
Ra2+ 46. Kg3 hxg5 47. Rxg5 Ra1 48. Kg2 a4 49. Ra5 Kc6 50. Rxa6+ Kb5 51. Rg6
Ra2+ 52. Kg3 Ra1 53. Kg2 Ra2+ 54. Kg3 Ra1 1/2-1/2

[Event "XLII Torneo di Capodanno"]
[Site "Reggio nell'Emilia ITA"]
[Date "1999.12.30"]
[Round "4"]
[White "Romanishin, Oleg M."]
[Black "Genocchio, Daniele"]
[Result "1-0"]
[WhiteElo "2567"]
[BlackElo "2291"]
[PlyCount "69"]
[EventDate "1999.12.27"]

1. Nf3 g6 2. d4 Bg7 3. g3 d6 4. Bg2 f5 5. O-O Nf6 6. b3 O-O 7. Bb2 c6 8. c4 a5
9. Nc3 h6 10. Qc2 Na6 11. a3 Nh5 12. Rad1 Bd7 13. Rfe1 Rc8 14. Ba1 g5 15. d5
cxd5 16. Nxd5 Bxa1 17. Rxa1 b5 18. e4 e5 19. exf5 Bxf5 20. Qd1 Ng7 21. cxb5 Nc5
22. Re3 a4 23. bxa4 Rf7 24. b6 Nge6 25. a5 Ra8 26. Qd2 Nf4 27. gxf4 gxf4 28.
Ree1 Rg7 29. Nxf4 Kh7 30. Nh5 Rxg2+ 31. Kxg2 Ne6 32. Ng3 Nf4+ 33. Kg1 Bg4 34.
Nxe5 Qh4 35. Qxf4 1-0

[Event "XLII Torneo di Capodanno"]
[Site "Reggio nell'Emilia ITA"]
[Date "1999.12.30"]
[Round "4"]
[White "Vezzosi, Paolo"]
[Black "Yudasin, Leonid G."]
[Result "0-1"]
[WhiteElo "2329"]
[BlackElo "2552"]
[PlyCount "74"]
[EventDate "1999.12.27"]

1. c4 c5 2. Nc3 g6 3. Nf3 Bg7 4. g3 b6 5. Bg2 Bb7 6. O-O Nf6 7. b3 O-O 8. Bb2
d6 9. d4 cxd4 10. Nxd4 Bxg2 11. Kxg2 Qd7 12. e4 Qb7 13. Re1 Rd8 14. Nd5 Ne8 15.
f3 e6 16. Ne3 a6 17. Qe2 Nd7 18. Rad1 b5 19. Rd2 Ne5 20. Red1 bxc4 21. Nxc4
Nxc4 22. Qxc4 Rac8 23. Qe2 Nf6 24. Ba3 Bh6 25. Rc2 e5 26. Rxc8 Rxc8 27. Nc2 d5
28. Nb4 dxe4 29. fxe4 Nxe4 30. Nd5 Nc3 31. Qf3 e4 32. Nf6+ Kh8 33. Qxc3 Rxc3
34. Rd8+ Bf8 35. Rxf8+ Kg7 36. Ne8+ Kh6 37. Nd6 Qd5 0-1

[Event "XLII Torneo di Capodanno"]
[Site "Reggio nell'Emilia ITA"]
[Date "1999.12.31"]
[Round "5"]
[White "Aldrovandi, Costantino"]
[Black "Vezzosi, Paolo"]
[Result "1/2-1/2"]
[WhiteElo "2350"]
[BlackElo "2329"]
[PlyCount "101"]
[EventDate "1999.12.27"]

1. e4 c6 2. d4 d5 3. Nc3 dxe4 4. Nxe4 Bf5 5. Ng3 Bg6 6. Bc4 e6 7. N1e2 Bd6 8.
O-O Qc7 9. f4 Ne7 10. Nc3 Nd7 11. Nce4 Rd8 12. b4 b5 13. Bd3 O-O 14. c3 Nb6 15.
Qf3 Nbd5 16. h4 h6 17. h5 Bh7 18. a4 a6 19. Bd2 Qd7 20. Rae1 Rde8 21. a5 Bb8
22. Nc5 Qc8 23. Nge4 Nf5 24. Qf2 Nd6 25. Qf3 Re7 26. Nxd6 Bxd6 27. Bxh7+ Kxh7
28. Ne4 Bb8 29. Nc5 Rd8 30. Re2 Bd6 31. Nd3 Qd7 32. Ref2 f5 33. g4 Nf6 34. g5
Ne4 35. Rg2 Rg8 36. g6+ Kh8 37. Be1 Rc8 38. Re2 Ree8 39. Kh2 Qc7 40. Kh3 Nf6
41. Bh4 Nd5 42. Be1 Rcd8 43. Ne5 Bxe5 44. fxe5 Rb8 45. Bd2 Qe7 46. Rg2 Rg8 47.
Qd1 Rbf8 48. Qe1 f4 49. Qh4 Qxh4+ 50. Kxh4 Rf5 51. Rf3 1/2-1/2

[Event "XLII Torneo di Capodanno"]
[Site "Reggio nell'Emilia ITA"]
[Date "1999.12.31"]
[Round "5"]
[White "Genocchio, Daniele"]
[Black "Manca, Federico"]
[Result "1/2-1/2"]
[WhiteElo "2291"]
[BlackElo "2373"]
[PlyCount "54"]
[EventDate "1999.12.27"]

1. e4 c6 2. d4 d5 3. Nc3 dxe4 4. f3 Nf6 5. Bc4 e3 6. Bxe3 Nd5 7. Nxd5 cxd5 8.
Bb3 Bf5 9. Ne2 e6 10. Nf4 Bd6 11. Qe2 Nc6 12. O-O-O Bxf4 13. Bxf4 h6 14. g4 Bh7
15. h4 a6 16. Kb1 Rc8 17. Ka1 Na5 18. h5 O-O 19. Rhg1 Nxb3+ 20. cxb3 Rc2 21.
Qe3 Kh8 22. g5 hxg5 23. Bxg5 f6 24. Bh4 Bf5 25. Rc1 Rxc1+ 26. Rxc1 Rf7 27. Bg3
Kh7 1/2-1/2

[Event "XLII Torneo di Capodanno"]
[Site "Reggio nell'Emilia ITA"]
[Date "1999.12.31"]
[Round "5"]
[White "Khenkin, Igor"]
[Black "Drei, Andrea"]
[Result "1-0"]
[WhiteElo "2633"]
[BlackElo "2349"]
[PlyCount "81"]
[EventDate "1999.12.27"]

1. d4 Nf6 2. c4 e6 3. Nf3 b6 4. a3 Ba6 5. Qc2 c5 6. d5 exd5 7. cxd5 g6 8. Nc3
Bg7 9. g3 O-O 10. Bg2 d6 11. O-O Re8 12. Re1 Nbd7 13. h3 b5 14. Bf4 Nb6 15. e4
Qd7 16. Bf1 Nh5 17. Bg5 h6 18. Bc1 Nc4 19. g4 Nf6 20. b3 Nb6 21. Bf4 Nxg4 22.
Bg2 Nf6 23. Qd2 g5 24. Bxd6 Qxd6 25. e5 Qd7 26. exf6 Bxf6 27. Rad1 Bg7 28. Ne4
Rac8 29. Qa5 Bb7 30. Qxa7 f5 31. Nxc5 Rxc5 32. Rxe8+ Qxe8 33. Qxb7 Qd8 34. d6
Nd7 35. b4 Rc3 36. Qd5+ Kh8 37. Qxf5 Rxa3 38. Qxb5 Qc8 39. Qf5 Rb3 40. Nxg5
hxg5 41. Be4 1-0

[Event "XLII Torneo di Capodanno"]
[Site "Reggio nell'Emilia ITA"]
[Date "1999.12.31"]
[Round "5"]
[White "Solozhenkin, Evgeniy"]
[Black "Romanishin, Oleg M."]
[Result "1/2-1/2"]
[WhiteElo "2544"]
[BlackElo "2567"]
[PlyCount "99"]
[EventDate "1999.12.27"]

1. d4 Nf6 2. c4 d6 3. Nf3 g6 4. g3 Bg7 5. Bg2 Bf5 6. Qb3 Qc8 7. O-O O-O 8. Nc3
Nc6 9. Bf4 a5 10. Rac1 Re8 11. Rfd1 e5 12. dxe5 dxe5 13. Nxe5 Nxe5 14. Bxb7 Qb8
15. Bxa8 Qxa8 16. Nd5 a4 17. Qa3 Nxd5 18. cxd5 Bf8 19. Qc3 Bd6 20. f3 Qa7+ 21.
Be3 Qa6 22. Rd2 Bd7 23. Bc5 Bb5 24. Bxd6 cxd6 25. Rcc2 Nc4 26. Rd3 Ne5 27. Rdd2
h5 28. b3 Bd7 29. Kg2 Bf5 30. Rc1 axb3 31. axb3 Qb5 32. Ra1 Rc8 33. Qe3 Rb8 34.
h3 Qxb3 35. Qxb3 Rxb3 36. Ra6 Nc4 37. Rd4 Nb6 38. Ra7 Rb2 39. g4 hxg4 40. hxg4
Bd7 41. Kg3 Rxe2 42. Rb7 Rb2 43. Re4 Kf8 44. Rb8+ Kg7 45. Re7 Nxd5 46. Rxb2
Nxe7 47. Rb7 Nf5+ 48. gxf5 Bxf5 49. Rb6 d5 50. Kf4 1/2-1/2

[Event "XLII Torneo di Capodanno"]
[Site "Reggio nell'Emilia ITA"]
[Date "1999.12.31"]
[Round "5"]
[White "Yudasin, Leonid G."]
[Black "Efimov, Igor"]
[Result "1-0"]
[WhiteElo "2552"]
[BlackElo "2445"]
[PlyCount "83"]
[EventDate "1999.12.27"]

1. e4 e5 2. Nf3 Nc6 3. Bb5 a6 4. Ba4 g6 5. O-O Bg7 6. c3 d6 7. d4 Bd7 8. Be3
Nf6 9. dxe5 dxe5 10. Nbd2 O-O 11. b4 Re8 12. Qc2 Ng4 13. Bg5 Bf6 14. Bxf6 Nxf6
15. Rfd1 Qe7 16. Nf1 b5 17. Bb3 Bg4 18. Qe2 Nd8 19. Ne3 Bxf3 20. Qxf3 c6 21. a4
Ne6 22. h4 h5 23. g3 Kg7 24. Nc2 Red8 25. Ne1 Rxd1 26. Rxd1 a5 27. axb5 cxb5
28. Bd5 Ra7 29. Qe3 axb4 30. Bxe6 fxe6 31. cxb4 Rd7 32. Rxd7 Qxd7 33. Nf3 Qd1+
34. Kg2 Qd6 35. Ng5 Nd7 36. Qf3 Qe7 37. Qd3 Nf8 38. Qxb5 Kf6 39. Qb8 Nd7 40.
Qc8 Kg7 41. b5 Nb6 42. Qc6 1-0

[Event "XLII Torneo di Capodanno"]
[Site "Reggio nell'Emilia ITA"]
[Date "2000.01.01"]
[Round "6"]
[White "Drei, Andrea"]
[Black "Vezzosi, Paolo"]
[Result "0-1"]
[WhiteElo "2349"]
[BlackElo "2329"]
[PlyCount "120"]
[EventDate "1999.12.27"]

1. e4 c5 2. Nf3 g6 3. c4 Bg7 4. d4 cxd4 5. Nxd4 Nc6 6. Be3 d6 7. Nc3 Nf6 8. Be2
O-O 9. O-O Bd7 10. Qd2 Nxd4 11. Bxd4 Bc6 12. f3 Nd7 13. Be3 a5 14. b3 Nc5 15.
Rac1 Qb6 16. Nb5 Rfc8 17. Rfd1 Qd8 18. Bf1 Qf8 19. Nc3 Qd8 20. Qf2 Qf8 21. Qd2
Qd8 22. Nd5 Bxd5 23. cxd5 Qd7 24. Rc2 b5 25. b4 axb4 26. Qxb4 Rcb8 27. Kh1 Ra4
28. Qd2 Qa7 29. Rdc1 b4 30. Bc4 Bc3 31. Qf2 Ra3 32. Qe2 Qc7 33. Rb1 Raa8 34.
Bd2 Ra3 35. h4 Rc8 36. Bb5 Qb6 37. Bc6 Qa5 38. Rbc1 Rb8 39. Rb1 Bxd2 40. Qxd2
b3 41. Qxa5 Rxa5 42. Rcb2 Ra3 43. axb3 Rbxb3 44. Rxb3 Nxb3 45. Re1 Nd4 46. Rc1
Kg7 47. Rc4 Ne2 48. Rc2 Re3 49. Rb2 f5 50. exf5 gxf5 51. Bb5 Nd4 52. Bc4 Rc3
53. Ba2 Kf6 54. f4 Nc2 55. Rb3 Rc4 56. Rb2 Rc5 57. Rb8 Ne3 58. Rb1 Rc2 59. Bb3
Rxg2 60. Re1 Rg3 0-1